At Least I'm Hot - Renee Rapp (All Lyrics) - Statistics

General Stats
  • This quiz has been taken 39 times
  • The average score is 249 of 332
Answer Stats
Lyrics % Correct
a
100%
I
100%
I'm
100%
be
95%
but
95%
But
95%
(Hot,
95%
hot)
95%
hot
95%
hot,
95%
Hot
95%
If
95%
if
95%
the
95%
The
95%
then
95%
then,
95%
at
89%
can
89%
can't
89%
least
89%
happy,
84%
in
84%
my
84%
so
84%
well,
84%
Well,
84%
is
79%
out
79%
you
79%
do
74%
figure
74%
I've
74%
problem
74%
real
74%
what
74%
and
68%
bad
68%
from
68%
get
68%
gonna
68%
had
68%
How
68%
how
68%
look
68%
me,
68%
me
68%
that
68%
that?)
68%
that?
68%
up
68%
you're
68%
bars
63%
been
63%
behind
63%
change
63%
cry,
63%
cry
63%
Damn,
63%
doin',
63%
doing
63%
end
63%
ex,
63%
fit
63%
guarantee
63%
hates
63%
heart
63%
it
63%
of
63%
stuck
63%
text
63%
thoughts
63%
(Thoughts,
63%
thoughts,
63%
thoughts)
63%
whole
63%
world
63%
agent,
58%
another
58%
being
58%
even
58%
Even
58%
fuck
58%
his
58%
know
58%
let
58%
Nay?
58%
no
58%
Oh,
58%
patient
58%
swear
58%
tried
58%
with
58%
Yeah,
58%
(Yeah,
58%
about
53%
am
53%
bitch,
53%
'bout
53%
car
53%
clear
53%
don't
53%
down,
53%
here,
53%
life's
53%
praying
53%
this
53%
wanna
53%
crystal
47%
didn't
47%
God
47%
make
47%
might
47%
new
47%
part
47%
Rather
47%
'round
47%
alright,
42%
bag,
42%
crash
42%
everyday,
42%
kinda
42%
lost
42%
love
42%
mess,
42%
ya
42%
little
37%
still
37%
stressed,
37%
(Ah
32%
ah,
32%
blessed
32%
lot
26%
Ugh,
21%
No matching quizzes found
Score Distribution
Percent of People with Each Score
Percentile by Number Answered
Your Score History
You have not taken this quiz